01356nam a2200313 a 450000100100000000500170001000800410002702000180006804000250008604100090011108200140012010000230013424501650015726000380032230000360036049000250039649000240042150000450044550400280049059000270051870000380054570000350058383000300061883000290064895201180067795201120079595201180090799900170102500004676120201002053114.0180322s2012 dr ac 000 0 spa d a9789945412833 aDO-SdBNPbspacBNPHU1 aeng. axxxxbxxx1 aAllen, Carl97472013aEl metro and the impacts of transportation system integration in Santo Domingo, Dominican Republic /cCarl Allen ; prefacio Natasha Despotovic, Kerry Stefancyk. aSanto Domingo :bFUNGLODE,c2012. a79 p. ; :bil. retrs. ;c21 cm.1 aResearch and ideas ;1 aUrban development ; aIncluye datos biografícos de la autor. aBibliografía p: 68-76 aInventariado, 2018/ YL1 aDespotovic, Natashaepref.9743701 aStefancyk, Kerryepref.974721 0aResearch and ideas974722 0aUrban development974723 0010718DSaGRbGRcCTd2018-03-22iLF1l0oxxxx xxxp46761-30r2020-06-25te. 3w2020-06-25yLFDSZNo se presta 0010718PDaPDbPDcCTd2018-03-22iLF1l0oxxxx xxxp46761-10r2020-06-25w2020-06-25yLFPDZNo se presta 0010718PDaPDbPDcCTd2018-03-22iLF1l0oxxxx xxxp46761-20r2020-06-25te. 2w2020-06-25yLFPDZNo se presta c46250d46250